[Event "XLIII Sevilla Open 2018"]
[Site "Sevilla"]
[Date "2018.01.18"]
[Round "7"]
[White "Swapnil, S  Dhopade"]
[Black "Gomez Ledo, Roberto Carlos"]
[Result "1-0"]
[WhiteElo "2533"]
[BlackElo "2436"]
[Annotator "TA"]
[PlyCount "81"]
[EventDate "2018.??.??"]
[EventType "swiss"]
[EventCountry "ESP"]
[SourceTitle "playchess.com"]
[Source "ChessBase"]
[SourceQuality "1"]

{[%evp 16,81,62,62,68,60,105,102,109,103,111,81,78,83,86,71,110,79,90,72,85,71,65,77,110,37,45,47,47,43,46,18,18,18,18,18,18,18,18,37,54,40,86,75,61,104,139,133,118,111,206,-46,-45,-36,-19,-54,-41,-39,-40,-43,-47,-34,97,119,269,266,262,254]} 1. d4 d6 2. Nf3 Nf6 3. c4 Nbd7 4. Nc3 e5 5. e4 Be7 6. Be2 O-O 7. O-O Re8 8. Be3 {A55: Old Indian Defence with Nf3 and e4} Bf8 9. d5 {LiveBook: 5 Games} Ng4 $146 ({Predecessor:} 9... a5 10. Nd2 g6 11. a3 c6 12. b4 Qc7 13. Qb3 h5 14. h3 Kh7 15. dxc6 bxc6 {½-½ (57) Wojtaszek,R (2711)-Grigoryan,K (2604) Warsaw 2013}) 10. Bd2 {White is slightly better.} c5 11. a3 Be7 12. Ne1 Ngf6 13. b4 a5 14. bxa5 Rxa5 15. a4 Rf8 16. Nd3 Ne8 17. Nb5 Ra6 18. Qc1 g6 19. Ra3 Bf6 20. f4 ({White should play} 20. f3 $16) 20... exf4 $14 21. Bxf4 Qe7 22. Bg4 Ng7 23. Re1 (23. Bh6 {is more complex.} Ne5 24. Be2 Nxd3 25. Bxd3 Bd7 26. Bc2) 23... Ne5 24. Bxc8 Rxc8 25. Nxe5 Bxe5 26. Bxe5 Qxe5 27. Qc3 $36 {[%mdl 2048] White has some pressure.} Qe7 28. e5 Re8 29. e6 ({Weaker is} 29. Nxd6 Rxd6 30. exd6 Qxe1+ $17) 29... fxe6 30. dxe6 Rf8 31. Qb2 Rf5 {[#]} 32. Nc3 $1 {[%cal Rc3d5] Nd5 is the strong threat.} Qh4 (32... Qf6 $16) 33. Qd2 $2 (33. Raa1 $18 Ra8 34. Nd5) 33... Qxc4 $15 34. e7 Ne8 35. Ne4 Qd4+ 36. Qxd4 cxd4 37. Rb3 Rxa4 38. Rxb7 {aiming for Rb8.} Ra8 {[#]} (38... d3 $15 {stays ahead.} 39. Rb8 Kf7) 39. Rd7 $1 $16 {[%cal Rd7d8][%mdl 1024] Hoping for Rd8. White has strong compensation.} Rb5 (39... Rfa5 $16) 40. Rd8 $18 Rbb8 41. Nxd6 {Precision: White = 58%, Black = 48%.} 1-0

[Event "XLIII Sevilla Open 2018"]
[Site "Sevilla"]
[Date "2018.01.18"]
[Round "7"]
[White "Ulybin, Mikhail"]
[Black "Schoorl, Rob"]
[Result "1/2-1/2"]
[WhiteElo "2519"]
[BlackElo "2275"]
[Annotator "TA"]
[PlyCount "120"]
[EventDate "2018.??.??"]
[EventType "swiss"]
[EventCountry "ESP"]
[SourceTitle "playchess.com"]
[Source "ChessBase"]
[SourceQuality "1"]

{[%evp 29,120,19,28,-27,-16,-4,30,4,48,25,45,31,54,0,2,0,0,0,0,-1,19,-31,0,-7,0,0,7,0,-7,-59,-46,-51,-22,-86,-73,-75,-80,-82,-85,-130,-145,-302,-320,-404,-404,-679,-337,-355,-103,-104,-111,-262,-257,-316,-316,-322,0,0,0,0,0,0,0,0,0,0,0,0,0,0,0,0,0,0,0,0,0,0,0,0,0,0,0,0,0,0,0,0,0,0,0,0,0]} 1. d4 Nf6 2. c4 g6 3. Nc3 Bg7 4. e4 d6 5. Nf3 O-O 6. Be2 c5 7. O-O cxd4 8. Nxd4 Nc6 9. Be3 Bd7 10. Rc1 Nxd4 11. Bxd4 Bc6 12. Qd3 a5 13. f4 Nd7 {B38: Sizilianisch (Maroczy-Aufbau)} 14. Bxg7 Kxg7 15. Kh1 Qb6 {LiveBook: 4 Partien} 16. Bg4 $146 ({Günstiger ist} 16. Rc2) ({Vorgänger:} 16. Qd2 Rad8 17. b3 Nf6 18. Bf3 Rfe8 19. Nd5 Bxd5 20. cxd5 e5 {0-1 (38) Djuric,S (2459)-Ni,H (2638) Dubai 2005}) 16... Nf6 $11 17. Bf3 Qc5 18. b3 Rac8 19. Rcd1 Rfe8 20. Rfe1 Red8 21. Qe2 (21. Nd5 $14) 21... e5 22. Qd2 exf4 23. Qxf4 Qe5 24. Qd2 h5 25. Rf1 Re8 26. Rde1 Re6 27. Nd5 a4 28. b4 b5 29. c5 ({Lieber} 29. Rc1 $11) 29... dxc5 $15 30. bxc5 Rce8 31. Re2 {[#]} (31. Kg1 $11) 31... Nxe4 $1 $17 {[%mdl 512]} 32. Rxe4 Qxd5 33. Qc3+ {[#]} f6 $1 34. Rxe6 Qxe6 $40 {[%mdl 128] Schwarz greift entschieden an.} 35. Bxc6 $2 (35. h3 $17) 35... Qxc6 {[%mdl 4096] Endspiel KDT-KDT} 36. Rf2 Re5 37. Rc2 {[#]} (37. Rf1 $142) 37... Re4 (37... b4 $142 $1 {[%mdl 512]} 38. Qd2 (38. Qxb4 Qb5) 38... b3) 38. Qa5 Rc4 $2 (38... Qe6 $19 {( -> ...Te1+)} 39. Rc1 b4) 39. Rxc4 bxc4 {KD-KD} 40. h3 $2 (40. h4 $17) 40... g5 $19 41. Kh2 Kg6 42. Qb6 Qxb6 $2 (42... Qd5 $19 43. Qb4 g4 44. hxg4 hxg4) 43. cxb6 {b7 ist eine echte Drohung. KB-KB. Die Stellung ist ausgeglichen.} c3 44. b7 c2 45. b8=Q c1=Q $11 {Und weiter mit ...Df4+ wäre nett. KD-KD} 46. Qe8+ Kf5 47. Qb5+ Kg6 48. Qe8+ Kf5 49. Qb5+ Kg6 50. Qxa4 Qc7+ 51. Kh1 Qc1+ 52. Kh2 Qc7+ 53. Kg1 Qc1+ 54. Kf2 Qd2+ 55. Kf1 Qd3+ 56. Kg1 Qe3+ 57. Kf1 Qd3+ 58. Kf2 Qd2+ 59. Kg3 Qe3+ 60. Kh2 Qe5+ {Precision: Weiß = 31%, Schwarz = 44%.} 1/2-1/2

[Event "XLIII Sevilla Open 2018"]
[Site "Sevilla"]
[Date "2018.01.18"]
[Round "7"]
[White "Gleizerov, Evgeny"]
[Black "Montero Melendez, Rafael"]
[Result "1-0"]
[WhiteElo "2509"]
[BlackElo "2384"]
[Annotator "TA"]
[PlyCount "65"]
[EventDate "2018.??.??"]
[EventType "swiss"]
[EventCountry "ESP"]
[SourceTitle "playchess.com"]
[Source "ChessBase"]
[SourceQuality "1"]

{[%evp 18,65,51,64,45,71,68,54,30,52,67,62,62,68,83,65,108,65,111,53,78,75,90,86,95,86,268,0,118,0,123,133,134,133,131,119,290,283,287,290,287,276,293,293,296,253,439,441,1091,1067]} 1. d4 d5 2. c4 c6 3. Nf3 Nf6 4. Nc3 dxc4 5. g3 b5 6. Bg2 Bb7 7. O-O e6 8. Ne5 Qc8 {E04: Open Catalan: 5 Nf3} (8... a6 9. b3 b4 10. Ne4 Nxe4 11. Bxe4 c3 12. a3 a5 13. axb4 Bxb4 14. Qd3 Qe7 15. Bxh7 Nd7 16. Be4 Nxe5 17. dxe5 {0-1 (34) Mamedyarov,S (2761)-Harikrishna,P (2752) Baku 2016}) 9. b3 b4 10. Na4 $1 {LiveBook: 3 Games} cxb3 $146 {White is slightly better.} ({Predecessor:} 10... c3 11. a3 Nbd7 12. axb4 Bxb4 13. Ba3 Bxa3 14. Rxa3 O-O 15. Nc5 Nxc5 16. dxc5 {½-½ (41) Kanter,E (2407)-Yudin,S (2548) Khanty-Mansiysk 2013}) 11. axb3 Nbd7 12. Nxd7 Nxd7 13. Bb2 Bd6 14. d5 cxd5 15. Bxg7 Rg8 16. Bb2 {[%mdl 1024] White has strong compensation.} Ke7 17. Rc1 Qb8 18. Qd2 ({White should try} 18. e4 $16) 18... Rg6 19. Qd4 Qg8 20. e4 dxe4 21. Bxe4 Rg4 $2 {[#]} (21... e5 $16 22. Qe3 Bxe4 23. Qxe4 Rc8) 22. Rfe1 $2 ({Only move:} 22. Rcd1 $1 $18 Bd5 23. Rfe1) 22... Bxe4 (22... e5 $11 {remains equal.} 23. Qd3 Bxe4 24. Rxe4 Qg6) 23. Rxe4 (23. Rcd1 $16 Bxg3 24. Qxd7+ Kf8 25. Rxe4 (25. Qd8+ Rxd8 26. Rxd8+ Ke7 $18) 25... Bh4+ 26. Kh1 (26. Rxg4 Qxg4+ 27. Kf1 Qh3+ 28. Ke2 Qg4+ 29. Kf1 Rd8 $15) 26... Rxe4 27. Qb7) 23... Ne5 (23... Rxe4 $11 {keeps the balance.} 24. Qxe4 Rd8) 24. Qe3 $16 Rxe4 25. Qxe4 Nd7 26. Rd1 $36 {[%mdl 2048] Threatens to win with Qc6. Black is under strong pressure.} a5 $2 (26... Rc8 $16) 27. Qc6 $18 Qb8 28. Rxd6 Qxd6 29. Qxa8 Qd1+ 30. Kg2 Qxb3 31. Qxa5 f5 $2 (31... Qc4 {was necessary.} 32. Kg1 f6) 32. Qb5 f4 {[#]} (32... Qd5+ $142 33. Qxd5 exd5) 33. Qxd7+ $1 {[%mdl 512] Precision: White = 78%, Black = 31%.} 1-0

[Event "XLIII Sevilla Open 2018"]
[Site "Sevilla"]
[Date "2018.01.18"]
[Round "7"]
[White "Matamoros Franco, Carlos S"]
[Black "Diaz Castro, Sergio"]
[Result "1/2-1/2"]
[WhiteElo "2484"]
[BlackElo "2263"]
[Annotator "TA"]
[PlyCount "120"]
[EventDate "2018.??.??"]
[EventType "swiss"]
[EventCountry "ESP"]
[SourceTitle "playchess.com"]
[Source "ChessBase"]
[SourceQuality "1"]

{[%evp 13,120,32,88,81,94,100,106,108,110,103,102,80,87,72,69,64,89,67,87,78,85,77,92,90,91,27,93,97,127,80,57,66,72,60,61,63,60,60,66,71,80,79,60,84,83,66,66,0,3,0,0,0,0,0,0,0,0,-6,0,-7,0,-35,-32,-35,-10,-23,0,0,0,0,0,0,0,-20,0,0,0,0,0,0,0,0,0,0,0,0,0,0,0,0,0,0,0,0,0,0,0,0,0,0,0,0,0,0,0,0,0,0,0]} 1. c4 e6 2. g3 d5 3. Bg2 Nf6 4. Nf3 dxc4 5. Qa4+ Nbd7 6. Qxc4 c5 7. d3 b6 {[#] LiveBook: 3 Games. A13: English Opening: 1...e6} (7... Bd6 $14) 8. Nd4 $1 $16 {[%cal Rd4e6]} Ne5 9. Nc6 Nxc6 {White is better.} 10. Bxc6+ Bd7 11. Bxa8 Qxa8 12. f3 Be7 $146 ({Predecessor:} 12... h5 13. Nc3 h4 14. g4 Bd6 15. a4 {1-0 (28) Maletin,P (2571)-Morozevich,A (2712) Rostov on Don 2014}) 13. Nc3 O-O 14. O-O e5 15. e4 Be6 16. Qa4 Rd8 17. Rd1 Nd7 18. Be3 Nb8 19. Nb5 (19. b4 $16) 19... Rd7 (19... Qc6 $1 $11) 20. b4 Qc6 21. bxc5 a6 22. Rab1 $1 Bxc5 23. Bxc5 Qxc5+ 24. d4 axb5 25. dxc5 bxa4 26. Rxd7 Bxd7 27. Rxb6 Nc6 28. Ra6 $1 {[%cal Ra6a8][%mdl 1024] White wants to mate with Ra8+. White has compensation.} Kf8 29. Rxa4 Ke7 30. Kf2 (30. Ra8 $14) 30... Kd8 $11 31. Ra8+ Bc8 $1 32. f4 Kc7 33. f5 Nb4 34. Ra5 Kc6 35. Ke3 Na6 36. g4 Bb7 37. Ra3 Nxc5 38. Rc3 Kb6 39. Rc1 f6 40. Rb1+ {The position is equal.} Kc7 41. Rc1 Kb6 42. Rb1+ Kc7 43. Rb4 Nxe4 {[#]} 44. Rxb7+ $1 {[%mdl 512]} Kxb7 45. Kxe4 {[%mdl 4096] Endgame KP-KP} Kc6 46. h4 h6 47. g5 hxg5 48. hxg5 {K3P-K3P} Kc5 49. g6 Kc4 50. a3 Kb3 51. Kd5 Kxa3 {K3P-KPP} 52. Ke6 $1 {[%cal Re6f7] Hoping for Kf7.} e4 53. Kf7 e3 {Threatens to win with ...e2.} 54. Kxg7 {And now Kf7 would win. KPP-KPP} e2 55. Kf7 e1=Q 56. g7 Qe5 57. g8=Q {Strongly threatening Qa8+.} Qxf5 {...Qd5+ is the strong threat.} 58. Qg6 Qxg6+ 59. Kxg6 Kb4 60. Kxf6 Kc4 {Precision: White = 72%, Black = 58%.} 1/2-1/2

[Event "XLIII Sevilla Open 2018"]
[Site "Sevilla"]
[Date "2018.01.18"]
[Round "7"]
[White "Anurag, Mhamal"]
[Black "Dvirnyy, Danyyil"]
[Result "0-1"]
[WhiteElo "2472"]
[BlackElo "2534"]
[Annotator "TA"]
[PlyCount "86"]
[EventDate "2018.??.??"]
[EventType "swiss"]
[EventCountry "ESP"]
[SourceTitle "playchess.com"]
[Source "ChessBase"]
[SourceQuality "1"]

{[%evp 15,86,-5,-1,-24,0,0,4,-11,-6,-8,10,-2,0,0,27,-7,0,0,0,0,0,-107,-87,-100,-77,-74,-69,-76,-52,-87,-96,-153,-126,-222,-243,-295,-271,-260,-326,-313,-312,-265,-264,-194,-173,-135,-155,-479,-501,-462,-479,-665,-659,-619,-622,-673,-406,78,-399,-364,-206,-685,-669,-849,-650,-629,-629,-637,-638,-621,-608,-716,-542]} 1. Nf3 d5 2. g3 c6 3. Bg2 Bg4 4. d3 Nd7 5. h3 Bh5 6. O-O e6 {A07: Réti Opening: New York and Capablanca Systems} 7. e4 Bd6 8. Qe1 (8. exd5 exd5 9. Qe1+ Ne7 10. Nh4 O-O 11. g4 Re8 12. gxh5 Nc8 13. Qd1 Qxh4 14. Qg4 {0-1 (31) Grischuk,A (2750)-Carlsen,M (2832) chess.com INT 2017}) 8... Ne7 {LiveBook: 18 Games. The position is equal.} 9. Nh4 O-O $146 ({Predecessor:} 9... dxe4 10. dxe4 Ng6 11. Nxg6 Bxg6 12. f4 f6 13. Nd2 O-O {1-0 (70) Petrosian,T (2636)-Hovhannisyan,R (2589) Yerevan 2012}) 10. g4 Bg6 11. f4 dxe4 12. dxe4 f5 13. gxf5 exf5 14. e5 Bc5+ 15. Kh1 Bh5 16. b4 Bb6 17. Nd2 a5 18. b5 (18. Nc4 $11) 18... cxb5 $17 19. Rb1 b4 20. a3 Rc8 21. axb4 Rxc2 22. Qg3 {Black must now prevent Qb3+.} a4 23. Ndf3 (23. Qd3 $142 Qc7 24. Bb2) 23... Re8 24. Qg5 {[#]} (24. Ba3 $17) 24... Bf7 $1 $19 25. e6 Bxe6 26. Bb2 {[#]} Rxb2 $1 27. Rxb2 h6 28. Qg3 Nf6 29. Ne5 Qd4 30. Re2 Ned5 31. Nf7 $2 (31. Kh2 $17) 31... Kxf7 (31... Bxf7 32. Nxf5 Ne4 33. Rxe4 $16) 32. Qg6+ {[#]} Kf8 $1 33. Rxe6 Rxe6 34. Nxf5 Qd3 35. Rc1 {White threatens Rc8+ and mate.} Nc7 36. Qxg7+ $40 {[%mdl 128] White attacks with force.} Ke8 37. Nxh6 Qh7 (37... Kd8 $142 38. Ng4 Qd2) 38. Qg5 $2 (38. Qxh7 Nxh7 39. Ng4) 38... Ne4 {Black is clearly winning.} 39. Qh5+ Kf8 40. Qf5+ Qxf5 41. Nxf5 a3 42. Ra1 Nb5 43. Bf1 Nec3 {Precision: White = 47%, Black = 82%.} 0-1

[Event "XLIII Sevilla Open 2018"]
[Site "Sevilla"]
[Date "2018.01.18"]
[Round "7"]
[White "Swayams, Mishra"]
[Black "Pap, Misa"]
[Result "1-0"]
[WhiteElo "2432"]
[BlackElo "2491"]
[Annotator "TA"]
[PlyCount "127"]
[EventDate "2018.??.??"]
[EventType "swiss"]
[EventCountry "ESP"]
[SourceTitle "playchess.com"]
[Source "ChessBase"]
[SourceQuality "1"]

{[%evp 12,127,40,39,83,75,97,80,89,84,116,114,116,108,121,112,129,129,100,109,127,61,63,31,49,48,45,45,44,39,77,62,62,51,61,64,112,54,41,48,60,60,52,10,56,60,69,38,46,29,22,9,16,0,0,0,0,0,0,0,0,0,0,0,0,0,79,28,28,28,258,258,257,239,247,252,227,114,114,112,258,257,257,252,204,180,251,251,498,481,643,255,1177,1100,1079,1065,1041,1012,996,996,996,464,991,956,6299,956,1097,588,29990,4134,5314,472,907,907,29978,29978,29991,29992]} 1. d4 f5 2. g3 Nf6 3. Bg2 g6 4. c3 Bg7 5. Nd2 Nc6 6. Nh3 {A81: Dutch Defence: 2 g3} (6. Ndf3 e6 7. Nh3 d6 8. Nf4 Qe7 9. d5 exd5 10. Nxd5 Nxd5 11. Qxd5 Ne5 12. O-O c6 13. Qd2 O-O {1-0 (41) Landa,K (2639)-Berelowitsch,A (2563) Belgium 2012}) 6... d5 7. Nf3 {LiveBook: 10 Games} Be6 8. Nf4 {White is better.} Bf7 9. Qb3 $146 ({Predecessor:} 9. Nd3 O-O 10. Bf4 h6 11. h4 Ng4 12. Qd2 a5 13. a4 Kh7 {½-½ (41) Ghorbani,M (2334)-Mahjoob,M (2335) Teheran 2001}) 9... Qc8 10. h4 O-O 11. Ng5 {[%cal Rf4d5]} e6 12. h5 gxh5 13. Bf3 Na5 14. Qc2 c5 15. dxc5 ({Worse is} 15. Bxh5 Nxh5 16. Nxh5 Bxh5 $15) 15... Nc4 16. Nxf7 (16. Bxh5 $16 Nxh5 17. Nxh5 Bxh5 18. Rxh5) 16... Rxf7 $14 17. Nxh5 Nxh5 18. Bxh5 Rf8 $1 19. Bf3 Qxc5 20. Bh6 Rf6 21. Bxg7 Kxg7 22. e3 h6 23. Be2 b5 24. Bxc4 ({Better is} 24. a4 $16) 24... bxc4 25. b4 cxb3 26. axb3 Rc8 27. O-O Rf7 (27... h5 {with more complications.} 28. Rfd1 Qxc3 29. Rxa7+ Kg6 30. Qb1 Qc2) 28. Rfc1 Rb7 29. Ra6 Rc6 30. Rxc6 Qxc6 {[%mdl 4096] Endgame KQR-KQR} 31. c4 dxc4 32. Qc3+ Kg6 33. bxc4 h5 34. Qe5 Rd7 35. Qb8 Rg7 36. Rd1 Rb7 37. Qg8+ Rg7 38. Qd8 Qc7 (38... h4 $11 {keeps the balance.}) 39. Qd4 (39. Qe8+ $16 Qf7 40. Qc8) 39... a5 $11 40. c5 {Qc4 is the strong threat.} a4 $2 {[#]} (40... Qc6 $11 {and Black has nothing to worry.}) 41. Qxa4 $18 Qxc5 42. Qe8+ Kf6 43. Qxh5 Qc7 {If only Black now had time for ...Rh7....} 44. Qh8 ({White should try} 44. e4 $18) 44... Kg6 $16 45. Qe8+ Qf7 (45... Kf6 $16) 46. Qc8 $18 Rg8 47. Qc6 Re8 48. Rd7 Re7 (48... Qf6 $142 49. Rb7 Re7) 49. Rd8 Rc7 $2 (49... Rb7 {keeps fighting.} 50. e4 Re7) 50. Qa8 Ra7 51. Qb8 $2 (51. Rg8+ Kh7 52. Rh8+ Kg7 53. Qd8) 51... Rb7 $2 (51... Qf6 52. Rd6 (52. Qxa7 Qxd8 53. Qd4 Qa8 $16) 52... Re7 53. Qg8+ Kh5) 52. Rg8+ Kh7 53. Rh8+ Kg6 54. Qf4 {[%csl Gh8][%cal Rf4h6] [#]} Qg7 55. Qh4 Rb4 56. Qh5+ (56. Qxb4 Qxh8 57. g4 Qa8 $16) 56... Kf6 57. Rh7 Qg8 58. Rd7 (58. Qh6+ $142 Ke5 59. Rh8) 58... Qf8 59. Kg2 Qa8+ 60. Kh2 (60. e4 $142 Qg8 61. Qh6+ Ke5 62. f4+ Kxe4 63. Qf6 Qxg3+ 64. Kxg3 Rb3+ 65. Kf2) 60... Qf8 61. Rh7 (61. f4 $142 {[%csl Gf4][%cal Rh5g5]} e5 62. Qg5+ Ke6 63. Rd8 Qxd8 64. Qxd8 Rb2+ 65. Kh3 exf4 66. Qc8+ Kd6 67. Qxf5) 61... Qg8 (61... Ke5 $142 62. Qd1 (62. f4+ Ke4 $16) 62... Kf6) 62. Rh6+ Ke5 63. Qd1 Qc8 64. Qd3 {Precision: White = 56%, Black = 38%.} 1-0

[Event "XLIII Sevilla Open 2018"]
[Site "Sevilla"]
[Date "2018.01.18"]
[Round "7"]
[White "Starostits, Ilmars"]
[Black "Lei, Tingjie"]
[Result "0-1"]
[WhiteElo "2431"]
[BlackElo "2531"]
[Annotator "TA"]
[PlyCount "82"]
[EventDate "2018.??.??"]
[EventType "swiss"]
[EventCountry "ESP"]
[SourceTitle "playchess.com"]
[Source "ChessBase"]
[SourceQuality "1"]

{[%evp 12,82,-22,-25,0,-6,0,0,43,-33,-29,-43,0,0,-13,-25,-49,-93,-89,-82,-70,-74,4,4,7,0,12,0,-4,-3,-4,-4,-9,-19,-27,-28,-8,-65,0,-51,-51,-61,-70,-63,-56,-56,-65,-57,-50,-51,-25,-27,-41,-79,-79,-79,-79,-79,-79,-72,-72,-72,-71,-29973,-29974,-29974,-29977,-29977,-29978,-29978,-29979,-29979,-29980]} 1. d4 Nf6 2. Nf3 g6 3. Nc3 d5 4. Bf4 Bg7 5. Qd2 O-O 6. Bh6 Ne4 {D00: 1 d4 d5: Unusual lines} 7. Qe3 {LiveBook: 9 Games} Nc6 (7... Nxc3 8. Bxg7 Kxg7 9. Qxc3 Bf5 10. e3 Qd6 11. O-O-O Nd7 12. Nh4 Be6 13. f4 f5 14. h3 {1-0 (57) Jones,G (2665)-Tari,A (2584) Wijk aan Zee 2017}) 8. Bxg7 Kxg7 {The position is equal.} 9. O-O-O $146 ({Predecessor:} 9. Nxe4 dxe4 10. Qxe4 Bf5 11. Qf4 Nb4 12. O-O-O Qd5 13. Qe5+ Qxe5 14. Nxe5 Bxc2 {1-0 (63) Hobber,A (2278)-Boukhris,Y (2058) Helsingor 2013}) 9... f5 {Strongly threatening ...f4.} 10. Nxe4 (10. g3 $14) 10... fxe4 $15 11. Nd2 Qd6 12. f3 e5 13. Nb3 a5 {[%cal Ba7a5,Ba5a4][%mdl 32]} 14. a3 a4 15. dxe5 Qxe5 (15... Qe7 {looks sharper.} 16. Nd4 Nxe5 17. h4 Bd7 18. h5 c5) 16. Nd4 Nxd4 (16... Na5 $1 $17 {Threatens to win with ...c5.} 17. Qc3 Nc4 18. fxe4 c5) 17. Qxd4 $11 Qxd4 18. Rxd4 Be6 19. fxe4 c5 20. Rd2 d4 {[#]} 21. e3 $1 {[%mdl 512]} dxe3 22. Rd3 Rf2 $36 {[%mdl 2048] White must now prevent ...e2. Black has good play.} 23. Rxe3 Raf8 24. Re1 (24. Bb5 $1 $11) 24... Kf6 ({Better is} 24... Rd8 $15 25. e5 Rdd2) 25. e5+ ({White should try} 25. Rg1 $11) 25... Ke7 $1 $15 26. Rg1 Bf5 27. Re2 {[#]} Bxc2 $1 {[%mdl 512]} 28. Kxc2 {Hoping for Rxf2.} Rxf1 29. Rxf1 Rxf1 {[%mdl 4096] Endgame KR-KR} 30. b3 axb3+ 31. Kxb3 b5 32. a4 bxa4+ 33. Kxa4 Ke6 34. Kb5 Rf5 35. Kc4 Rxe5 36. Rf2 Rf5 37. Rxf5 $4 {[%mdl 8192]} (37. Rb2 $17) 37... Kxf5 {Black mates.} 38. Kxc5 Ke4 39. Kd6 Ke3 $1 {[%cal Re3f2]} 40. Ke5 {[#]} Kf2 $1 {[%cal Rf2g1]} 41. g4 {[#]} Kg2 $1 {Precision: White = 38%, Black = 73%.} 0-1

[Event "XLIII Sevilla Open 2018"]
[Site "Sevilla"]
[Date "2018.01.18"]
[Round "7"]
[White "Vega Gutierrez, Sabrina"]
[Black "Aroshidze, Levan"]
[Result "1/2-1/2"]
[WhiteElo "2427"]
[BlackElo "2516"]
[Annotator "TA"]
[PlyCount "62"]
[EventDate "2018.??.??"]
[EventType "swiss"]
[EventCountry "ESP"]
[SourceTitle "playchess.com"]
[Source "ChessBase"]
[SourceQuality "1"]

{[%evp 9,62,0,0,0,14,15,15,15,12,9,26,15,12,8,22,0,0,0,0,0,0,0,0,0,0,0,1,0,0,0,0,0,15,-3,0,-26,-29,-23,21,12,18,18,24,22,20,16,15,0,0,0,1,1,1,1,2]} 1. e4 c5 2. Nf3 e6 3. b3 b6 4. d4 cxd4 5. Nxd4 Bb7 {LiveBook: 136 Games} 6. Nd2 {B40: Sicilian: 2...e6, Unusual lines} (6. Nb5 d5 7. exd5 a6 8. N5c3 exd5 9. Bd3 Nf6 10. O-O Be7 11. Ba3 Bxa3 12. Nxa3 O-O 13. Ne2 Qe7 {1-0 (56) Ivanchuk,V (2726)-Bocharov,D (2583) Riadh 2017}) 6... d6 7. Bb2 Nf6 8. Bd3 Nbd7 9. Qe2 Be7 10. O-O O-O 11. c4 g6 $146 ({Find the theoretical novelty and annotate with similar games:} 11... a6 12. Rad1 Qc7 13. f4 Rfe8 14. Bb1 {0-1 (56) Varga,T (2079)-Bokros,A (2470) Szombathely 2004}) 12. a4 a6 13. a5 e5 14. Nc2 bxa5 15. Bc3 Nc5 16. Bxa5 Qd7 17. Nb4 Nh5 18. g3 Bg5 {Black wants to play ...Bxd2.} 19. Nf3 Bd8 20. Bc2 Rb8 21. Nd5 Bxd5 22. cxd5 Nxb3 23. Bxb3 {[#] And now Nd2 would win.} Rxb3 (23... Bxa5 {NOTEXT} 24. Bc4 Bb6 25. Rxa6 Rfc8 26. Bd3 Bc5) 24. Nd2 Qb5 25. Qxb5 Rxb5 26. Bxd8 Rxd8 {The position is equal.} 27. Rxa6 {Black must now prevent Nc4.} f5 28. Rc1 Nf6 $1 29. Rcc6 Nxe4 30. Nxe4 fxe4 31. Rxd6 Rxd5 {Precision: White = 76%, Black = 75%.} 1/2-1/2

[Event "XLIII Sevilla Open 2018"]
[Site "Sevilla"]
[Date "2018.01.18"]
[Round "7"]
[White "Martinez Martin, David"]
[Black "Hernandez Munoz, Antonio Ramon"]
[Result "1-0"]
[WhiteElo "2399"]
[BlackElo "2225"]
[Annotator "ChessBase"]
[PlyCount "95"]
[EventDate "2018.??.??"]
[EventType "swiss"]
[EventCountry "ESP"]
[SourceTitle "playchess.com"]
[Source "ChessBase"]
[SourceQuality "1"]
[TimeControl "5400+30"]

1. e4 {[%emt 0:07:22]} c5 {[%emt 0:00:10]} 2. Nc3 {[%emt 0:00:32]} a6 {[%emt 0:00:07]} 3. Nge2 {[%emt 0:00:06]} d6 {[%emt 0:01:40]} 4. g3 {[%emt 0:00:05]} Nf6 {[%emt 0:01:02]} 5. Bg2 {[%emt 0:00:14]} e6 {[%emt 0:02:53]} 6. O-O {[%emt 0:00:27]} Be7 {[%emt 0:00:42]} 7. d4 {[%emt 0:00:04]} cxd4 {[%emt 0:00:36]} 8. Nxd4 {[%emt 0:00:05]} O-O {[%emt 0:01:17]} 9. b3 {[%emt 0:02:05]} Bd7 {[%emt 0:11:40]} 10. Bb2 {[%emt 0:00:33]} Nc6 {[%emt 0:05:10]} 11. Nce2 {[%emt 0:00:09]} e5 {[%emt 0:20:38]} 12. Nxc6 {[%emt 0:01:20]} Bxc6 {[%emt 0:00:13]} 13. Nc3 {[%emt 0:00:09]} b5 {[%emt 0:02:48]} 14. Nd5 {[%emt 0:00:38]} Nxd5 {[%emt 0:02:37]} 15. exd5 {[%emt 0:00:04]} Bd7 {[%emt 0:00:30]} 16. f4 {[%emt 0:00:28]} f6 {[%emt 0:02:51]} 17. Qd3 {[%emt 0:14:04]} Qb6+ {[%emt 0:11:21]} 18. Kh1 {[%emt 0:02:07]} Rae8 {[%emt 0:00:11]} 19. Rad1 {[%emt 0:13:36]} Bd8 {[%emt 0:06:10]} 20. fxe5 {[%emt 0:04:48]} fxe5 {[%emt 0:00:24]} 21. Be4 {[%emt 0:00:10]} g6 {[%emt 0:02:17]} 22. Bxg6 {[%emt 0:07:59]} hxg6 {[%emt 0:00:11]} 23. Qxg6+ {[%emt 0:00:07]} Kh8 {[%emt 0:00:03]} 24. Rf4 {[%emt 0:16:01]} Rxf4 {[%emt 0:18:07]} 25. gxf4 {[%emt 0:04:38]} Re6 {[%emt 0:00:06]} 26. Qh5+ {[%emt 0:04:14]} Kg7 {[%emt 0:00:05]} 27. fxe5 {[%emt 0:03:42]} dxe5 {[%emt 0:00:37]} 28. Rg1+ {[%emt 0:05:15]} Kf8 {[%emt 0:02:22]} 29. Qh8+ {[%emt 0:07:49]} Ke7 {[%emt 0:00:04]} 30. Bxe5 {[%emt 0:01:20]} Be8 {[%emt 0:03:56]} 31. Rg7+ {[%emt 0:03:37]} Bf7 {[%emt 0:00:04]} 32. Rxf7+ {[%emt 0:00:11]} Kxf7 {[%emt 0:00:09]} 33. Qg7+ {[%emt 0:00:06]} Ke8 {[%emt 0:00:06]} 34. Qg8+ {[%emt 0:00:08]} Ke7 {[%emt 0:00:47]} 35. Qxe6+ {[%emt 0:00:54]} Qxe6 {[%emt 0:00:05]} 36. dxe6 {[%emt 0:00:03]} Kxe6 {[%emt 0:00:02]} 37. Bg3 {[%emt 0:00:41]} Kd5 {[%emt 0:01:07]} 38. Kg2 {[%emt 0:01:01]} Kd4 {[%emt 0:00:33]} 39. Be1 {[%emt 0:00:06]} Ke3 {[%emt 0:01:12]} 40. Bf2+ {[%emt 0:01:58]} Kd2 {[%emt 0:00:23]} 41. c4 {[%emt 0:00:04]} Kc3 {[%emt 0:03:34]} 42. c5 {[%emt 0:00:23]} Kb2 {[%emt 0:00:39]} 43. h4 {[%emt 0:01:11]} Kxa2 {[%emt 0:00:25]} 44. h5 {[%emt 0:00:06]} a5 {[%emt 0:01:05]} 45. h6 {[%emt 0:00:23]} a4 {[%emt 0:01:09]} 46. bxa4 {[%emt 0:00:14]} b4 {[%emt 0:00:46]} 47. Bd4 {[%emt 0:00:32]} b3 {[%emt 0:00:31]} 48. h7 {[%emt 0:00:12]} 1-0